Textilné vlákna

Gespeichert in:
Bibliographische Detailangaben
Hauptverfasser: Očadlík, Jozef, Markušovská, Elena (Verfasst von)
Format: Buch
Sprache:Slowakisch
Veröffentlicht: Bratislava S.l. Slovenská vysoká škola technická 1984
Ausgabe:1. vyd.
Schlagworte:
Online-Zugang:Im OPAC anzeigen
Tags: Tag hinzufügen
Keine Tags, Fügen Sie das erste Tag hinzu!

MARC

LEADER 00000nam a2200000 a 4500
005 20260127134100.0
008 180815s1984 xo 0 slo
015 |a SNBA1984/06 
020 |c 8 Kčs. (65 výtl.) 
035 |a vtls001118587 
035 |a SNK000061430 
039 9 |a 201808151819  |b VLOAD  |c 201808142201  |d VLOAD  |c 201808142201  |d VLOAD  |c 201610061605  |d VLOAD  |y 200412250028  |z VLOAD 
040 |a SNK  |b slo  |c SNK  |d STUSCHK1  |e AACR2 
041 0 |a slo 
044 |a xo  |c SK 
080 |a 677.1/.5(075.8)  |2 1981 
100 1 |a Očadlík, Jozef 
245 0 |a Textilné vlákna  |c Jozef Očadlík, Elena Markušovská 
250 |a 1. vyd. 
260 |a Bratislava  |b Slovenská vysoká škola technická  |a S.l.  |c 1984  |e Bratislava  |f Edičné stredisko SVŠT 
300 |a 180 s., 10,232 AH  |b Tb. Sch. Grafy.  |c 29 cm 
500 |a Lit. 7.Schválilo MŠ SSR ako skriptum. Rozmn. 7 zázn. v češ., angl. a nem. 
650 0 7 |a [BK]  |2 SNK 
700 1 |a Markušovská, Elena  |4 aut 
910 |a SCHK95 
954 |a vlákna textilné  |x učebnice VŠ 
958 |a OND 
958 |a NB 
958 |a RM 
958 |a UV 
999 |c 3642  |d 3642